| 000 | 00510nam a2200181Ia 4500 | ||
|---|---|---|---|
| 003 | GCL | ||
| 008 | 140319s9999 xx 000 0 ara d | ||
| 040 |
_aGCL / _cGCL |
||
| 082 | 0 | 4 |
_a502 _bا ا |
| 100 | 1 | _aانيشتين , لبرت | |
| 245 | 1 | 0 |
_aافكار واراء / _cانيشتين , لبرت |
| 700 | 1 | _aرمسيس شحاته | |
| 260 |
_a[S.N] : _bالهيئة المصرية العامة للكتاب |
||
| 490 | _a | ||
| 650 | 0 | 4 | _aالفيزياء |
| 650 | 0 | 4 | _aالبحوث |
| 942 |
_2ddc _cBK |
||
| 999 |
_c29864 _d29864 |
||